La lucha por los derechos de las personas adultas mayores en Nicaragua (2007- 2017) /

Guardat en:
Dades bibliogràfiques
Autor principal: Serra Vázquez, Luis Héctor (Autor)
Format: Llibre
Idioma:Spanish
Etiquetes: Afegir etiqueta
Sense etiquetes, Sigues el primer a etiquetar aquest registre!

MARC

LEADER 00000nam a22000007a 4500
003 cru IIS
005 20220726134311.0
008 220726b2020 cr |||p|r|||| 00| 0 spa d
040 |c cru IIS 
100 1 |9 10623  |a Serra Vázquez, Luis Héctor  |e Autor 
245 1 3 |a La lucha por los derechos de las personas adultas mayores en Nicaragua (2007- 2017) /  |c Luis Héctor Serra Vázquez 
300 |a páginas 83-95 
500 |a Colección Centroamérica 
773 0 |0 18728  |9 7619  |a Universidad de Costa Rica.   |d San José, Costa Rica Editorial UCR 1959-  |o 23631  |t Revista de Ciencias Sociales/  |x 04825276 
942 |2 ddc  |c PP 
999 |c 44430  |d 44430